| 000 | 00434nam a22001217a 4500 | ||
|---|---|---|---|
| 082 | _a220 PRO | ||
| 100 |
_aMUHAMMAD AMMAR HAFEEZ, NARESH KUMAR, RAJA ABDUL MANAN, SARDAR MUHAMMAD ALI _971139 |
||
| 245 | _aPR-SOF-1422-DESIGN AND IMPLEMENTATION OF HAND HELD GROUND CONTROL STATION-GCS FOR UAV'A | ||
| 260 |
_aISLAMABD _bNUST COLLEGE OF EME _c2015 |
||
| 650 |
_aDE-ELECT-33 _971140 |
||
| 700 |
_aDR FAHAD MUMTAZ MALIK _917335 |
||
| 942 | _cCR | ||
| 999 |
_c577828 _d577828 |
||